Score 0/15 Timer 03:00
4 Plays Today
% Correct
The Man with The Yellow Hat
(Curious George)
97.4%
Rainbow Fish
(The Rainbow Fish)
97.2%
Cheshire Cat
(Alice's Adventures in Wonderland)
96.2%
Sister Bear
(Berenstain Bears)
95.9%
Count Olaf
(A Series of Unfortunate Events)
95.5%
Horton
(Horton Hears a Who!)
94%
Piglet
(The House at Pooh Corner)
92.6%
Aslan
(The Chronicles of Narnia)
91.7%
% Correct
Ramona Quimby
(Ramona Quimby, Age 8)
90.4%
Wilbur
(Charlotte's Web)
88.9%
Greg Heffley
(Diary of a Wimpy Kid)
88.6%
Matilda Wormwood
(Matilda)
86.2%
Max
(Where the Wild Things Are)
81.3%
The Little Prince
(The Little Prince)
79.9%
Harold
(Harold and the Purple Crayon)
72.9%
Remove Ads.
Support Sporcle.
Get the best of Sporcle when you Go Orange. This ad-free experience offers more features, more stats, and more fun while also helping to support Sporcle. Thank you for becoming a member.

You're not logged in!

Compare scores with friends on all Sporcle quizzes.
OR
Log In

Show Comments

Extras

Top Quizzes Today


Score Distribution

Your Account Isn't Verified!

In order to create a playlist on Sporcle, you need to verify the email address you used during registration. Go to your Sporcle Settings to finish the process.

Report this User

Report this user for behavior that violates our Community Guidelines.

Details: